000 00610nam a2200229 i 4500
001 C2-0297993
003 PPAK
005 20180728080141.0
008 090524s2000 ii |||| ||||| | tam d
040 _aPPAK
_beng
_cPPAK
_erda
082 0 4 _a894.8113
_223
090 0 0 _a894.8113
_bIND
_dG
100 0 _aIndira Parthasarathy,
_eauthor
245 1 0 _aKaala vellam
264 1 _aChennai, India :
_bArunthathi Nilayam ,
_c2000
300 _a304 pages ;
_c18 cm
336 _2rdacontent
_atext
337 _2rdamedia
_aunmediated
338 _2rdacarrier
_avolume
650 1 0 _aTamil fiction
942 _ddc
_cB
999 _c102349
_d102349